[Event "4NCL/Div4/GUI5 vs. OXF3"]
[Site "West Bromwich ENG"]
[Date "2006.03.18"]
[Round "7.5"]
[White "Mills, Nigel"]
[Black "Cooke, Larissa"]
[Result "0-1"]
[WhiteElo "1705"]
[BlackElo "1550"]
[PlyCount "80"]
[EventDate "2006.03.18"]
[EventType "team"]
[EventRounds "11"]
[EventCountry "ENG"]
[SourceDate "2005.10.25"]

1. e4 e5 2. Nf3 Nc6 3. d4 exd4 4. Nxd4 Bc5 5. Nxc6 bxc6 6. Bd3 Nf6 7. O-O O-O
8. Bg5 h6 9. Bh4 Be7 10. Nd2 d5 11. Bxf6 Bxf6 12. c3 Rb8 13. Rb1 Bb7 14. f4 Be7
15. e5 Bc5+ 16. Kh1 Re8 17. Nf3 f6 18. Bg6 Rf8 19. e6 Bc8 20. Re1 Qe7 21. f5
Ba6 22. b4 Bf2 23. Nd4 Rb6 24. Nxc6 Rxc6 25. b5 Bxb5 26. Rxb5 Bxe1 27. Qxe1 Rd8
28. Bh5 g5 29. Qe3 Rb6 30. Rxb6 axb6 31. h4 Ra8 32. Qd2 Ra5 33. Bf3 Qd6 34.
hxg5 hxg5 35. e7 Qxe7 36. Bxd5+ Kg7 37. Be6 Rb5 38. Qe2 Rxf5 39. Qc4 Re5 40.
Bf5 Rxf5 0-1

[Event "4NCL/Div4/RICB vs. ADD"]
[Site "West Bromwich ENG"]
[Date "2006.03.18"]
[Round "7.1"]
[White "O'Toole, George E"]
[Black "Dupré, Paul D"]
[Result "0-1"]
[WhiteElo "2060"]
[BlackElo "2050"]
[PlyCount "132"]
[EventDate "2006.03.18"]
[EventType "team"]
[EventRounds "11"]
[EventCountry "ENG"]
[SourceDate "2005.10.25"]

1. e4 d5 2. exd5 Nf6 3. Nf3 Bg4 4. d4 Qxd5 5. Be2 e6 6. h3 Bh5 7. O-O Nbd7 8.
c4 Qa5 9. Bd2 Qb6 10. c5 Qc6 11. Nc3 Nd5 12. b4 Nxc3 13. Bxc3 Qd5 14. g4 Bg6
15. Nd2 Qg5 16. Bf3 h5 17. Bxb7 Rb8 18. Bc6 hxg4 19. Qxg4 Qh6 20. Nf3 Bf5 21.
Qg3 Kd8 22. Ne5 Nxe5 23. dxe5 Ke7 24. Rad1 Rd8 25. Rxd8 Kxd8 26. Rd1+ Kc8 27.
Bb5 Be7 28. Ba6+ Kb8 29. Qf3 Qg6+ 30. Qg2 Qxg2+ 31. Kxg2 Bxh3+ 32. Kg1 Bg4 33.
f3 Bxf3 34. Rd7 Re8 35. Bb5 f5 36. Bc4 Bc6 37. Rd3 g5 38. Bd2 f4 39. Kf1 Rh8
40. Kg1 Rh1+ 41. Kf2 Rh6 42. Bb3 Rh2+ 43. Kg1 Rg2+ 44. Kf1 f3 45. a4 g4 46. b5
Bxc5 47. Be3 Bxe3 48. Rxe3 Bd7 49. Rd3 Kc8 50. Bd1 Rh2 51. Kg1 Rh5 52. Re3 Be8
53. Kf2 Rh2+ 54. Kg1 Rd2 55. Bb3 Kd7 56. Bc4 Rc2 57. Bb3 Rd2 58. Bc4 Ke7 59.
Rc3 Bg6 60. Bf1 Kd7 61. a5 Be4 62. Rc4 Bf5 63. Rc3 Rd5 64. Re3 Rc5 65. Kf2 Rc1
66. Re1 g3+ 0-1

[Event "4NCL/Div4/RICB vs. ADD"]
[Site "West Bromwich ENG"]
[Date "2006.03.18"]
[Round "7.2"]
[White "Hamilton, Robert"]
[Black "Giles, Benjamin"]
[Result "0-1"]
[WhiteElo "2025"]
[BlackElo "2010"]
[PlyCount "42"]
[EventDate "2006.03.18"]
[EventType "team"]
[EventRounds "11"]
[EventCountry "ENG"]
[SourceDate "2005.10.25"]

1. e4 d5 2. exd5 Nf6 3. c4 c6 4. Nc3 cxd5 5. cxd5 Nxd5 6. Bc4 Nb6 7. Bb3 Nc6 8.
Nf3 Bf5 9. d4 e6 10. O-O Be7 11. Re1 O-O 12. d5 exd5 13. Nxd5 Nxd5 14. Qxd5
Qxd5 15. Bxd5 Bb4 16. Rd1 Bc2 17. Rf1 Bd3 18. Rd1 Be2 19. Bd2 Bxd1 20. Bxc6
Bxf3 21. Bxb4 Bxc6 0-1

[Event "4NCL/Div4/RICB vs. ADD"]
[Site "West Bromwich ENG"]
[Date "2006.03.18"]
[Round "7.3"]
[White "Gaudeau, Valentin"]
[Black "Klein, Cornelia"]
[Result "1-0"]
[WhiteElo "1885"]
[BlackElo "1905"]
[PlyCount "143"]
[EventDate "2006.03.18"]
[EventType "team"]
[EventRounds "11"]
[EventCountry "ENG"]
[SourceDate "2005.10.25"]

1. e4 e5 2. Nc3 Nc6 3. Nf3 Nf6 4. d4 exd4 5. Nd5 h6 6. Bc4 Bc5 7. O-O d6 8. Re1
Ne5 9. Bb3 c6 10. Nxf6+ Qxf6 11. Nxd4 O-O 12. c3 Bb6 13. h3 c5 14. Nf3 Nxf3+
15. Qxf3 Qxf3 16. gxf3 Bxh3 17. Bf4 Rad8 18. Kh2 Be6 19. Rg1 Kh8 20. Rg2 Bxb3
21. axb3 f5 22. Be3 f4 23. Bd2 d5 24. c4 d4 25. Rag1 Rd7 26. Rg6 Bc7 27. R1g4
Kh7 28. Kg2 Re7 29. b4 Bb6 30. bxc5 Bxc5 31. b4 Bb6 32. c5 Bc7 33. b5 Rff7 34.
Kf1 h5 35. R4g5 Re5 36. Rxe5 Kxg6 37. Rd5 Re7 38. Rxd4 Be5 39. Rd5 Kf6 40. Bxf4
g5 41. Be3 a6 42. b6 a5 43. Bd4 Bxd4 44. Rxd4 Ke6 45. Ra4 Kd7 46. Rxa5 Kc6 47.
Kg2 Re5 48. Kg3 Rxc5 49. Ra1 Kxb6 50. Rh1 h4+ 51. Kg4 Kc6 52. f4 gxf4 53. Kxf4
Rh5 54. Kg4 Re5 55. f3 b5 56. Rxh4 b4 57. Kf4 Rb5 58. Ke3 b3 59. Rh1 b2 60. Rb1
Rb3+ 61. Kd4 Kb5 62. f4 Ka4 63. e5 Ka3 64. e6 Ka2 65. Rxb2+ Kxb2 66. e7 Rb4+
67. Ke5 Rb3 68. Kf6 Rb6+ 69. Kf7 Rb7 70. f5 Kc3 71. f6 Kd4 72. Kf8 1-0

[Event "4NCL/Div4/RICB vs. ADD"]
[Site "West Bromwich ENG"]
[Date "2006.03.18"]
[Round "7.4"]
[White "Waldock, Adrian"]
[Black "Schlesinger, Noah W"]
[Result "1-0"]
[WhiteElo "1885"]
[BlackElo "1865"]
[PlyCount "75"]
[EventDate "2006.03.18"]
[EventType "team"]
[EventRounds "11"]
[EventCountry "ENG"]
[SourceDate "2005.10.25"]

1. f4 d5 2. Nf3 e6 3. e3 c5 4. Be2 Nf6 5. O-O Bd6 6. b3 Nbd7 7. Bb2 O-O 8. Na3
a6 9. c4 Re8 10. Ne5 d4 11. Nxd7 Bxd7 12. Bf3 Rb8 13. g3 e5 14. Rc1 e4 15. Bg2
Bg4 16. Qe1 d3 17. Rf2 Qd7 18. Nb1 b5 19. Bxf6 gxf6 20. cxb5 axb5 21. Nc3 f5
22. a4 b4 23. Nb5 Rec8 24. Nxd6 Qxd6 25. Rc4 f6 26. Qa1 Bh5 27. Bh3 Bf7 28.
Bxf5 Bxc4 29. Bxc8 Bxb3 30. Bf5 Qc6 31. a5 c4 32. Qd4 Re8 33. Bd7 Rd8 34. Bxc6
Rxd4 35. exd4 e3 36. Bd5+ Kg7 37. dxe3 d2 38. Rxd2 1-0

[Event "4NCL/Div4/RICB vs. ADD"]
[Site "West Bromwich ENG"]
[Date "2006.03.18"]
[Round "7.5"]
[White "Graham, Louis"]
[Black "Burgess, Thomas"]
[Result "1-0"]
[WhiteElo "1900"]
[BlackElo "1820"]
[PlyCount "85"]
[EventDate "2006.03.18"]
[EventType "team"]
[EventRounds "11"]
[EventCountry "ENG"]
[SourceDate "2005.10.25"]

1. d4 d5 2. Nf3 Nf6 3. Bf4 e6 4. e3 c5 5. c3 Nc6 6. Nbd2 cxd4 7. exd4 Qb6 8.
Qc2 Bd7 9. Be2 Be7 10. O-O h6 11. Ne5 Rc8 12. Qd3 O-O 13. Qg3 Kh8 14. Qh3 Nxe5
15. dxe5 Ne4 16. Bd3 f5 17. Nb3 Nxf2 18. Rxf2 Rc4 19. Bxc4 dxc4 20. Nd4 Kh7 21.
Be3 Qc7 22. Rd1 g5 23. Qf3 a6 24. Rfd2 Bc8 25. Qe2 b5 26. b3 cxb3 27. axb3 Re8
28. Nf3 Qxc3 29. Rd3 Qc7 30. Rc1 Qb8 31. Rc6 g4 32. Nd4 Qxe5 33. Rdc3 Bb7 34.
Rxe6 Qd5 35. Rxh6+ Kg7 36. Ne6+ Kf7 37. Bd4 Rd8 38. Rh7+ Kg6 39. Rg7+ Kh6 40.
Rh3+ gxh3 41. Be3+ f4 42. Bxf4+ Bg5 43. Bxg5+ 1-0

[Event "4NCL/Div4/GUI4 vs. CHED"]
[Site "West Bromwich ENG"]
[Date "2006.03.18"]
[Round "7.1"]
[White "Punnett, Alan K"]
[Black "Bellin, Robert"]
[Result "0-1"]
[WhiteElo "2155"]
[BlackElo "2376"]
[PlyCount "106"]
[EventDate "2006.03.18"]
[EventType "team"]
[EventRounds "11"]
[EventCountry "ENG"]
[SourceDate "2005.10.25"]

1. d4 e6 2. c4 f5 3. Nc3 Nf6 4. g3 Bb4 5. Bd2 Bxc3 6. Bxc3 Ne4 7. Qc2 O-O 8.
Bg2 Nxc3 9. Qxc3 d6 10. e3 Qe7 11. Ne2 e5 12. O-O-O Nd7 13. Qa3 e4 14. Nc3 Nf6
15. h3 c6 16. Rhe1 Be6 17. b3 Qc7 18. Kb1 d5 19. c5 g5 20. Qb2 Bf7 21. Rh1 Bg6
22. h4 h6 23. hxg5 hxg5 24. Bf1 b6 25. Na4 b5 26. Nc3 a5 27. Be2 Kg7 28. Qc1
Rh8 29. Rxh8 Rxh8 30. Rh1 Qb8 31. Qg1 Rh7 32. Rxh7+ Nxh7 33. Qh2 Nf8 34. Kb2
Ne6 35. Qh1 Qf8 36. a3 Qf6 37. Qc1 f4 38. gxf4 gxf4 39. b4 a4 40. Bg4 Bf5 41.
Bxf5 Qxf5 42. Qg1+ Qg5 43. Qxg5+ Nxg5 44. Kc2 Kf6 45. Kd2 Kf5 46. Ne2 Ne6 47.
Nc3 Kg4 48. Ke2 Ng7 49. Nd1 Nf5 50. Nc3 Kh3 51. f3 Kg2 52. fxe4 f3+ 53. Kd2 f2
0-1

[Event "4NCL/Div4/GUI4 vs. CHED"]
[Site "West Bromwich ENG"]
[Date "2006.03.18"]
[Round "7.2"]
[White "Wallace, Paul"]
[Black "Allinson, Julian"]
[Result "1/2-1/2"]
[WhiteElo "2235"]
[BlackElo "2205"]
[PlyCount "29"]
[EventDate "2006.03.18"]
[EventType "team"]
[EventRounds "11"]
[EventCountry "ENG"]
[SourceDate "2005.10.25"]

1. e4 c6 2. d4 d5 3. e5 Qb6 4. Nc3 Bf5 5. Nf3 e6 6. Nh4 Bg6 7. Be2 c5 8. dxc5
Bxc5 9. O-O Qc7 10. Nb5 Qd8 11. Nf3 a6 12. Nbd4 Ne7 13. Be3 Nd7 14. c3 O-O 15.
Qd2 1/2-1/2

[Event "4NCL/Div4/GUI4 vs. CHED"]
[Site "West Bromwich ENG"]
[Date "2006.03.18"]
[Round "7.3"]
[White "Horton, Justin"]
[Black "Smith, Alan A"]
[Result "1/2-1/2"]
[WhiteElo "2110"]
[BlackElo "2260"]
[PlyCount "52"]
[EventDate "2006.03.18"]
[EventType "team"]
[EventRounds "11"]
[EventCountry "ENG"]
[SourceDate "2005.10.25"]

1. Nf3 b6 2. g3 Bb7 3. Bg2 f5 4. O-O Nf6 5. c4 g6 6. d3 Bg7 7. Nc3 O-O 8. Re1
c5 9. e4 fxe4 10. dxe4 Nc6 11. e5 Ng4 12. Nd5 Nh6 13. Bg5 Nf5 14. g4 Nh6 15. h3
Kh8 16. Qe2 Rc8 17. Rad1 Qe8 18. Qd2 Ng8 19. Nf6 Bxf6 20. exf6 Nxf6 21. Bxf6+
Rxf6 22. g5 Rf5 23. Nh4 Rf7 24. Qxd7 Ba8 25. Qxe8+ Rxe8 26. Bd5 Rf4 1/2-1/2

[Event "4NCL/Div4/GUI4 vs. CHED"]
[Site "West Bromwich ENG"]
[Date "2006.03.18"]
[Round "7.4"]
[White "Acey, Gerald"]
[Black "Shepley, Julien M"]
[Result "1-0"]
[WhiteElo "2140"]
[BlackElo "2085"]
[PlyCount "67"]
[EventDate "2006.03.18"]
[EventType "team"]
[EventRounds "11"]
[EventCountry "ENG"]
[SourceDate "2005.10.25"]

1. Nc3 d5 2. e4 dxe4 3. Nxe4 Qd5 4. Nc3 Qd6 5. Nf3 Nf6 6. Bc4 a6 7. d3 b5 8.
Bb3 Bb7 9. Qe2 Nbd7 10. O-O e6 11. Ne4 Nxe4 12. dxe4 Nc5 13. Rd1 Qe7 14. e5 h6
15. Be3 Nxb3 16. cxb3 g6 17. Rac1 Bg7 18. Bc5 Qd8 19. Rxd8+ Rxd8 20. a4 bxa4
21. bxa4 Rd5 22. Bb4 Kd7 23. Qc2 Rc8 24. Rd1 Rd8 25. Rxd5+ Bxd5 26. Ba5 Rc8 27.
Qd3 Ra8 28. h3 c5 29. Bc3 Kc6 30. Nd2 Kb7 31. Ne4 Kc6 32. Nd6 Ra7 33. Qe3 Rd7
34. b4 1-0

[Event "4NCL/Div4/GUI4 vs. CHED"]
[Site "West Bromwich ENG"]
[Date "2006.03.18"]
[Round "7.5"]
[White "Stimpson, Philip M"]
[Black "Bennett, Patrick"]
[Result "1-0"]
[WhiteElo "2090"]
[BlackElo "2080"]
[PlyCount "125"]
[EventDate "2006.03.18"]
[EventType "team"]
[EventRounds "11"]
[EventCountry "ENG"]
[SourceDate "2005.10.25"]

1. e4 c5 2. Nc3 g6 3. g3 Bg7 4. Bg2 Nc6 5. d3 d6 6. f4 e6 7. Nf3 Nge7 8. O-O
O-O 9. Be3 a6 10. d4 d5 11. e5 Nf5 12. Bf2 cxd4 13. Nxd4 Nfxd4 14. Bxd4 Nxd4
15. Qxd4 Bd7 16. Rad1 Rc8 17. Rf3 Rc4 18. Qf2 Qc7 19. Bf1 Rc8 20. Bxc4 Qxc4 21.
Ne2 Qxa2 22. Nd4 Qa5 23. Qd2 Qxd2 24. Rxd2 Bf8 25. Kf1 Ba4 26. Rc3 Rxc3 27.
bxc3 Ba3 28. Ke2 b6 29. Kd3 Bd7 30. Rd1 a5 31. Rb1 Bc5 32. c4 dxc4+ 33. Kxc4 a4
34. Nb5 Bc6 35. Ra1 Bd5+ 36. Kd3 Bc6 37. c4 Bxb5 38. cxb5 a3 39. Kc2 Kg7 40.
Kb3 Kh6 41. Rc1 Be3 42. Rc7 Kg7 43. Kxa3 h5 44. h4 Bf2 45. Rc3 Kf8 46. Kb3 Ke7
47. Kc2 Bd4 48. Rc7+ Kf8 49. Kd2 Bf2 50. Rc3 Kg7 51. Ke2 Bd4 52. Rc4 Bg1 53.
Kf3 Kh6 54. Rc7 Kg7 55. g4 Bd4 56. gxh5 gxh5 57. Ke4 Bf2 58. f5 Kg8 59. Rc8+
Kg7 60. f6+ Kh7 61. Rf8 Kg6 62. Rg8+ Kh6 63. Rg7 1-0

[Event "4NCL/Div4/GUI4 vs. CHED"]
[Site "West Bromwich ENG"]
[Date "2006.03.18"]
[Round "7.6"]
[White "Edwards, Roger J"]
[Black "Dekker, Alain"]
[Result "0-1"]
[WhiteElo "1915"]
[BlackElo "2070"]
[PlyCount "96"]
[EventDate "2006.03.18"]
[EventType "team"]
[EventRounds "11"]
[EventCountry "ENG"]
[SourceDate "2005.10.25"]

1. e4 c5 2. d4 cxd4 3. c3 dxc3 4. Nxc3 e6 5. Nf3 Nc6 6. Bf4 a6 7. Be2 d6 8. O-O
Be7 9. Qa4 Bd7 10. Rad1 e5 11. Be3 Nd4 12. Qc4 Rc8 13. Qd3 Nxe2+ 14. Qxe2 Nf6
15. Rfe1 h6 16. Nd2 Qc7 17. f3 Be6 18. Rc1 Qb8 19. Qf2 b5 20. a3 O-O 21. Nf1 d5
22. exd5 Bxd5 23. Nxd5 Nxd5 24. Ba7 Rxc1 25. Bxb8 Bc5 26. Rxc1 Bxf2+ 27. Kxf2
Rxb8 28. g3 b4 29. a4 Nb6 30. b3 Rc8 31. Rxc8+ Nxc8 32. Nd2 Nd6 33. Ke3 f5 34.
Kd3 Kf7 35. Ke3 Ke6 36. Kd3 Kd5 37. Ke3 Nb7 38. Kd3 Nc5+ 39. Ke3 Nxb3 40. Nxb3
Kc4 41. Nd2+ Kc3 42. Ke2 Kc2 43. a5 b3 44. g4 g6 45. h3 b2 46. Ke3 f4+ 47. Ke2
e4 48. Nc4 e3 0-1

[Event "4NCL/Div4/MET vs. OXF2"]
[Site "West Bromwich ENG"]
[Date "2006.03.18"]
[Round "7.1"]
[White "Noden, Nicolas"]
[Black "Rawlinson, Aidan"]
[Result "1/2-1/2"]
[WhiteElo "2150"]
[BlackElo "2160"]
[PlyCount "70"]
[EventDate "2006.03.18"]
[EventType "team"]
[EventRounds "11"]
[EventCountry "ENG"]
[SourceDate "2005.10.25"]

1. c4 c6 2. g3 d5 3. Bg2 Nf6 4. Nf3 dxc4 5. Qc2 b5 6. b3 cxb3 7. axb3 Qb6 8.
Ba3 Nbd7 9. d4 Bb7 10. O-O Rc8 11. Bc5 Nxc5 12. dxc5 Qc7 13. Rxa7 Qb8 14. Ra1
g6 15. Nc3 Bg7 16. Rad1 O-O 17. Rd2 Qa7 18. b4 Qa3 19. Rb1 Rfd8 20. Nd4 Qa8 21.
Rbd1 e5 22. Nb3 Rxd2 23. Qxd2 Qb8 24. Na5 Ba8 25. Ne4 Nxe4 26. Bxe4 f5 27. Bc2
e4 28. Bb3+ Kh8 29. Qd7 Bc3 30. h4 Rc7 31. Qd8+ Qxd8 32. Rxd8+ Kg7 33. Rxa8
Bxb4 34. Bc2 Bxc5 35. Nb3 Ba7 1/2-1/2

[Event "4NCL/Div4/MET vs. OXF2"]
[Site "West Bromwich ENG"]
[Date "2006.03.18"]
[Round "7.2"]
[White "Starkie, Ray"]
[Black "Calvert, D Ian"]
[Result "1/2-1/2"]
[WhiteElo "2165"]
[BlackElo "2075"]
[PlyCount "45"]
[EventDate "2006.03.18"]
[EventType "team"]
[EventRounds "11"]
[EventCountry "ENG"]
[SourceDate "2005.10.25"]

1. Nc3 d5 2. e4 dxe4 3. Nxe4 Nd7 4. Bc4 e6 5. Nf3 Ngf6 6. d3 Nb6 7. Bb3 Nxe4 8.
dxe4 Qxd1+ 9. Kxd1 Be7 10. Bf4 c5 11. c3 Bd7 12. Ne5 Ba4 13. Kc2 f6 14. Nc4
Bxb3+ 15. axb3 Nxc4 16. bxc4 Kf7 17. Rhd1 Rhd8 18. Rxd8 Bxd8 19. Rd1 Ke8 20.
Be3 Be7 21. Ra1 Kd7 22. Ra4 Kc6 23. Ra1 1/2-1/2

[Event "4NCL/Div4/MET vs. OXF2"]
[Site "West Bromwich ENG"]
[Date "2006.03.18"]
[Round "7.3"]
[White "Fogarasi, Norbert"]
[Black "Bruce, Dave"]
[Result "1/2-1/2"]
[WhiteElo "2120"]
[BlackElo "2015"]
[PlyCount "56"]
[EventDate "2006.03.18"]
[EventType "team"]
[EventRounds "11"]
[EventCountry "ENG"]
[SourceDate "2005.10.25"]

1. e4 e6 2. d4 d5 3. e5 c5 4. c3 Nc6 5. Nf3 Bd7 6. Be2 Nge7 7. Na3 Ng6 8. Nc2
Be7 9. Be3 b6 10. Qd2 O-O 11. h4 cxd4 12. cxd4 f6 13. Bd3 Qe8 14. h5 Nh8 15.
O-O-O Rc8 16. Kb1 Na5 17. exf6 Bxf6 18. Ng5 Bxg5 19. Bxg5 Nf7 20. h6 g6 21.
Bxg6 hxg6 22. h7+ Kg7 23. Bh6+ Nxh6 24. Rxh6 Qf7 25. Rdh1 Rh8 26. Qg5 Nc6 27.
R6h3 e5 28. Qh6+ Kf6 1/2-1/2

[Event "4NCL/Div4/MET vs. OXF2"]
[Site "West Bromwich ENG"]
[Date "2006.03.18"]
[Round "7.4"]
[White "Ludbrook, Matt"]
[Black "Fegan, Chris"]
[Result "1-0"]
[WhiteElo "2050"]
[BlackElo "2115"]
[PlyCount "55"]
[EventDate "2006.03.18"]
[EventType "team"]
[EventRounds "11"]
[EventCountry "ENG"]
[SourceDate "2005.10.25"]

1. e4 d6 2. g3 g6 3. Bg2 Bg7 4. Nc3 Nc6 5. d3 e5 6. Be3 Nge7 7. Qd2 Nd4 8.
O-O-O c5 9. Bh6 Bxh6 10. Qxh6 Bg4 11. Rf1 Qa5 12. f4 Be6 13. fxe5 O-O-O 14. Bh3
dxe5 15. Rxf7 Nec6 16. Nf3 Bxh3 17. Qxh3+ Kb8 18. Ne1 b5 19. Kb1 b4 20. Nd5 Ne2
21. Qe6 Ned4 22. Qf6 Rhg8 23. Nf3 b3 24. axb3 Qa6 25. Nxe5 Rc8 26. Ne7 Rgd8 27.
Nxc8 Nb4 28. Qxa6 1-0

[Event "4NCL/Div4/MET vs. OXF2"]
[Site "West Bromwich ENG"]
[Date "2006.03.18"]
[Round "7.5"]
[White "Dickson, George"]
[Black "Morris, Graham"]
[Result "0-1"]
[WhiteElo "2090"]
[BlackElo "2025"]
[PlyCount "70"]
[EventDate "2006.03.18"]
[EventType "team"]
[EventRounds "11"]
[EventCountry "ENG"]
[SourceDate "2005.10.25"]

1. e4 c5 2. c3 Nf6 3. e5 Nd5 4. d4 cxd4 5. Nf3 Nc6 6. Bc4 Nb6 7. Bb3 d5 8. exd6
Qxd6 9. cxd4 Be6 10. Nc3 Bxb3 11. Qxb3 e6 12. Nb5 Qb4+ 13. Bd2 Qxb3 14. axb3
Nd5 15. O-O a6 16. Rfc1 Rd8 17. Nc3 Be7 18. Ne4 O-O 19. Nc5 Bxc5 20. Rxc5 h6
21. Rcc1 Nf6 22. Bc3 Rd5 23. Ne5 Nxd4 24. Bxd4 Rxd4 25. Rc7 Rd5 26. f4 Rb5 27.
Nd3 Nd5 28. Rd7 Nf6 29. Rc7 Nd5 30. Rd7 Rxb3 31. Nc5 Rxb2 32. g3 Rc8 33. Nd3
Rd2 34. Ne1 Rb2 35. f5 Nf6 0-1

[Event "4NCL/Div4/MET vs. OXF2"]
[Site "West Bromwich ENG"]
[Date "2006.03.18"]
[Round "7.6"]
[White "Terry, Sean"]
[Black "Cooke, Charlie"]
[Result "1-0"]
[WhiteElo "2000"]
[BlackElo "1880"]
[PlyCount "127"]
[EventDate "2006.03.18"]
[EventType "team"]
[EventRounds "11"]
[EventCountry "ENG"]
[SourceDate "2005.10.25"]

1. e4 e5 2. f4 exf4 3. Nf3 Ne7 4. d4 Ng6 5. Bc4 d6 6. c3 Be6 7. Bxe6 fxe6 8.
Qb3 Qc8 9. Ng5 Nc6 10. Qxe6+ Qxe6 11. Nxe6 Kd7 12. d5 Nce5 13. O-O Nd3 14. b3
Nxc1 15. Rxc1 Re8 16. Nd2 Rg8 17. Rf1 Be7 18. Nf3 Bf6 19. Rac1 a6 20. c4 Nf8
21. Nxf8+ Rgxf8 22. Rfe1 g5 23. Rcd1 Bc3 24. Nxg5 Bxe1 25. Rxe1 Re5 26. Ne6 Rf6
27. Kf2 Rh5 28. h3 f3 29. gxf3 Rxh3 30. f4 Ke7 31. f5 Rh2+ 32. Kf3 Rfh6 33. Rg1
R6h3+ 34. Kf4 Rf2+ 35. Kg4 Rhh2 36. Nxc7 Rhg2+ 37. Rxg2 Rxg2+ 38. Kh5 Rxa2 39.
Kh6 Rb2 40. Kg7 Rg2+ 41. Kxh7 Kf7 42. Kh6 Re2 43. c5 Kf6 44. Ne8+ Ke7 45. Nxd6
Re3 46. Kg5 Rg3+ 47. Kf4 Rxb3 48. e5 Rb4+ 49. Kg5 Rd4 50. f6+ Kf8 51. Nxb7 Rxd5
52. Kf5 Rd7 53. c6 Rc7 54. Na5 Rh7 55. Ke6 Ke8 56. Nb7 Rc7 57. Kd6 Rc8 58. c7
Ra8 59. Na5 Rc8 60. e6 Ra8 61. f7+ Kf8 62. Kd7 Kg7 63. c8=Q Rxc8 64. Kxc8 1-0

[Event "4NCL/Div4/GLOSG vs. CAV"]
[Site "West Bromwich ENG"]
[Date "2006.03.18"]
[Round "7.1"]
[White "Hosken, Nigel"]
[Black "Harman, Kenneth B"]
[Result "0-1"]
[WhiteElo "2105"]
[BlackElo "2160"]
[PlyCount "42"]
[EventDate "2006.03.18"]
[EventType "team"]
[EventRounds "11"]
[EventCountry "ENG"]
[SourceDate "2005.10.25"]

1. d4 Nf6 2. c4 g6 3. Nc3 Bg7 4. e4 O-O 5. Be2 c5 6. dxc5 Qa5 7. Bd2 Qxc5 8.
Be3 Qa5 9. Qd2 Nc6 10. h3 a6 11. Nf3 b5 12. Bd3 bxc4 13. Bxc4 Qb4 14. Qd3 Na5
15. Nd2 Nxc4 16. Nxc4 d5 17. exd5 Bf5 18. Qe2 Nxd5 19. O-O Bxc3 20. bxc3 Nxc3
21. Qd2 Qxc4 0-1

[Event "4NCL/Div4/GLOSG vs. CAV"]
[Site "West Bromwich ENG"]
[Date "2006.03.18"]
[Round "7.2"]
[White "Farrand, Julian T"]
[Black "Buchanan, David"]
[Result "1/2-1/2"]
[WhiteElo "2140"]
[BlackElo "2095"]
[PlyCount "51"]
[EventDate "2006.03.18"]
[EventType "team"]
[EventRounds "11"]
[EventCountry "ENG"]
[SourceDate "2005.10.25"]

1. d4 d5 2. Nc3 c5 3. dxc5 d4 4. Ne4 e5 5. e3 Nc6 6. Nf3 Bf5 7. Ng3 Bg4 8. Be2
Bxf3 9. Bxf3 Bxc5 10. exd4 Qxd4 11. Qe2 Nge7 12. O-O O-O 13. c3 Qd7 14. b4 Bd6
15. Ne4 Rad8 16. Rd1 Qc7 17. Be3 b6 18. Rd2 Nf5 19. Nxd6 Rxd6 20. Rxd6 Nxd6 21.
Rd1 Rd8 22. Bc1 f6 23. a3 Ne7 24. Qa2+ Kf8 25. c4 Ndf5 26. Rxd8+ 1/2-1/2

[Event "4NCL/Div4/GLOSG vs. CAV"]
[Site "West Bromwich ENG"]
[Date "2006.03.18"]
[Round "7.3"]
[White "Dodwell, Phil"]
[Black "Scrimgour, Alan"]
[Result "1-0"]
[WhiteElo "2060"]
[BlackElo "2120"]
[PlyCount "45"]
[EventDate "2006.03.18"]
[EventType "team"]
[EventRounds "11"]
[EventCountry "ENG"]
[SourceDate "2005.10.25"]

1. e4 c5 2. Nf3 e6 3. b4 cxb4 4. a3 d5 5. e5 f6 6. d4 fxe5 7. dxe5 Nc6 8. Bd3
Qc7 9. Qe2 g6 10. O-O Bg7 11. Re1 Nge7 12. axb4 Nxb4 13. Ba3 Nxd3 14. cxd3 Bd7
15. Nbd2 Bc6 16. Nb3 b6 17. Nbd4 Bd7 18. Rac1 Qb7 19. Qd2 h6 20. Qf4 g5 21. Qg4
Kf7 22. h4 gxh4 23. Bxe7 1-0

[Event "4NCL/Div4/GLOSG vs. CAV"]
[Site "West Bromwich ENG"]
[Date "2006.03.18"]
[Round "7.4"]
[White "Hamblin, David J"]
[Black "Taylor, Geoffrey P"]
[Result "1/2-1/2"]
[WhiteElo "2025"]
[BlackElo "2050"]
[PlyCount "82"]
[EventDate "2006.03.18"]
[EventType "team"]
[EventRounds "11"]
[EventCountry "ENG"]
[SourceDate "2005.10.25"]

1. d4 d5 2. c4 e6 3. Nc3 Nf6 4. cxd5 exd5 5. Bg5 Be7 6. e3 O-O 7. Bd3 Nbd7 8.
Qc2 Re8 9. Nf3 Nf8 10. O-O Be6 11. Rab1 c6 12. b4 Rc8 13. a4 Ng6 14. Rfc1 Ng4
15. Bxe7 Qxe7 16. h3 Nf6 17. Bf5 Qd7 18. Bxe6 Qxe6 19. Qb3 Ne4 20. Nxe4 Qxe4
21. b5 h6 22. bxc6 bxc6 23. Qc2 Qe6 24. Rb7 f5 25. Qc5 Qf6 26. Rxa7 f4 27. Re1
fxe3 28. fxe3 Nh4 29. Nxh4 Qxh4 30. Qc1 Qg3 31. Qd2 Rf8 32. Rb7 Rce8 33. Rb3
Rf3 34. Re2 Ref8 35. Rb1 Qg6 36. Qc2 Qxc2 37. Rxc2 Rxe3 38. Ra1 Rd3 39. a5 Rxd4
40. Rxc6 Rd2 41. a6 Rff2 1/2-1/2

[Event "4NCL/Div4/GLOSG vs. CAV"]
[Site "West Bromwich ENG"]
[Date "2006.03.18"]
[Round "7.5"]
[White "Ponter, Ian"]
[Black "Egan, Michael PW"]
[Result "1-0"]
[WhiteElo "2050"]
[BlackElo "2080"]
[PlyCount "85"]
[EventDate "2006.03.18"]
[EventType "team"]
[EventRounds "11"]
[EventCountry "ENG"]
[SourceDate "2005.10.25"]

1. e4 c5 2. Nf3 Nc6 3. d4 cxd4 4. Nxd4 g6 5. c4 Nf6 6. Nc3 d6 7. Be2 Nxd4 8.
Qxd4 Bg7 9. Bg5 O-O 10. Qd2 Be6 11. O-O Qa5 12. Rab1 Rfc8 13. b4 Qd8 14. Bxf6
Bxf6 15. Nd5 Bxd5 16. exd5 Qb6 17. Rfd1 Rc7 18. Rb3 a5 19. b5 a4 20. Rh3 Bg7
21. Qf4 Qc5 22. Qh4 h6 23. Re3 Re8 24. Qg4 Qb4 25. h4 Qb2 26. h5 g5 27. Bd3 e6
28. dxe6 fxe6 29. Bg6 Rf8 30. Qxe6+ Kh8 31. Re2 Qc3 32. Qxd6 Qxc4 33. Rc2 Qxc2
34. Bxc2 Rxc2 35. Rd2 Rc1+ 36. Rd1 Rc2 37. Rd2 Rc1+ 38. Kh2 Rc4 39. g3 Rcc8 40.
Qe6 Rc5 41. Qb6 Rcf5 42. Kg2 R5f7 43. Qa5 1-0

[Event "4NCL/Div4/GLOSG vs. CAV"]
[Site "West Bromwich ENG"]
[Date "2006.03.18"]
[Round "7.6"]
[White "Chapman, Timothy J"]
[Black "Dixon, Richard J"]
[Result "1/2-1/2"]
[WhiteElo "1855"]
[BlackElo "2005"]
[PlyCount "83"]
[EventDate "2006.03.18"]
[EventType "team"]
[EventRounds "11"]
[EventCountry "ENG"]
[SourceDate "2005.10.25"]

1. e4 c5 2. c3 Nf6 3. e5 Nd5 4. d4 cxd4 5. cxd4 e6 6. Nf3 d6 7. a3 Nc6 8. Bd3
Be7 9. O-O O-O 10. Qe2 dxe5 11. dxe5 Bd7 12. Qe4 g6 13. Bh6 Re8 14. Nbd2 Bf8
15. Bg5 Qc7 16. Nc4 a6 17. Qh4 b5 18. Nd6 Bxd6 19. exd6 Qxd6 20. Rad1 Qf8 21.
Be4 f6 22. Bxd5 exd5 23. Bxf6 Re4 24. Qg5 Bf5 25. Bc3 Rg4 26. Qf6 Qxf6 27. Bxf6
Rf8 28. Bc3 Bc2 29. Rc1 Bd3 30. h3 Bxf1 31. hxg4 Bc4 32. g5 Re8 33. Re1 Rxe1+
34. Nxe1 Kf7 35. f4 Ke6 36. Nf3 Kf5 37. Ne5 Nxe5 38. fxe5 Ke4 39. e6 d4 40. e7
Bf7 41. Bb4 Kd3 42. Kf1 1/2-1/2